[Event "SVK-ch U12 Girls"]
[Site "Liptovsky Mikulas"]
[Date "2019.04.30"]
[Round "9"]
[White "Lucova, Karolina"]
[Black "Kapolkova, Greta"]
[Result "0-1"]
[WhiteElo "1005"]
[BlackElo "1393"]
[PlyCount "102"]
[EventDate "2019.04.23"]
[EventType "swiss"]
[EventRounds "9"]
[EventCountry "SVK"]
[SourceTitle "CBM 190 Extra"]
[Source "ChessBase"]
[SourceDate "2019.07.15"]
[SourceVersion "1"]
[SourceVersionDate "2019.07.15"]
[SourceQuality "1"]

1. e4 e5 2. Nf3 Nc6 3. Bc4 Nf6 4. d3 d5 5. exd5 Nxd5 6. c3 Bg4 7. h3 Bh5 8. Nbd2 Bc5 9. Rg1 Nb6 10. Bb3 Qxd3 11. Nxe5 Qf5 12. Nef3 0-0-0 13. g4 Rhe8+ 14. Kf1 Qd3+ 15. Kg2 Bg6 16. h4 f6 17. h5 Be4 18. Re1 Bxf3+ 19. Nxf3 Qxd1 20. Rxd1 Rxd1 21. Bxd1 Ne5 22. Nxe5 Rxe5 23. Bc2 h6 24. f4 Re2+ 25. Kf3 Rxc2 26. Be3 Bxe3 27. Kxe3 Rxb2 28. Rd1 Rxa2 29. Ke4 Ra5 30. c4 Nxc4 31. Kd4 Nd6 32. Re1 Kd7 33. Rb1 Rb5 34. Ra1 a5 35. Kc3 Rb4 36. Rxa5 Rxf4 37. Kd3 Rxg4 38. Ke3 Rg5 39. Kf4 Rxa5 40. Kg4 Ra4+ 41. Kf3 Ke6 42. Ke3 Rc4 43. Kd3 b5 44. Ke3 b4 45. Kd3 b3 46. Ke3 b2 47. Kd3 b1R 48. Kd2 Rb3 49. Ke2 Rh4 50. Kf2 Rh2+ 51. Kg1 Ra2 0-1

[Event "SVK-ch U12 Girls"]
[Site "Liptovsky Mikulas"]
[Date "2019.04.24"]
[Round "3"]
[White "Lucova, Karolina"]
[Black "Simalcikova, Sara"]
[Result "1-0"]
[WhiteElo "1005"]
[BlackElo "1117"]
[PlyCount "51"]
[EventDate "2019.04.23"]
[EventType "swiss"]
[EventRounds "9"]
[EventCountry "SVK"]
[SourceTitle "CBM 190 Extra"]
[Source "ChessBase"]
[SourceDate "2019.07.15"]
[SourceVersion "1"]
[SourceVersionDate "2019.07.15"]
[SourceQuality "1"]

1. e4 e5 2. Nf3 Nc6 3. Bc4 d6 4. c3 Bg4 5. h3 Bh5 6. d3 Nf6 7. Bb3 Be7 8. Nbd2 0-0 9. Nf1 h6 10. g4 Bg6 11. Ng3 a6 12. Nh4 Bh7 13. Nhf5 Bxf5 14. gxf5 d5 15. Qe2 dxe4 16. dxe4 Bc5 17. Nh5 b5 18. Bd2 b4 19. cxb4 Bxb4 20. 0-0-0 Bxd2+ 21. Rxd2 Qe7 22. Rg1 Nxh5 23. Qxh5 Rad8 24. Qg6 Qc5+ 25. Rc2 Ne7 26. Qxg7# 1-0

[Event "SVK-ch U12 Girls"]
[Site "Liptovsky Mikulas"]
[Date "2019.04.23"]
[Round "1"]
[White "Lucova, Karolina"]
[Black "Bochnickova, Simona"]
[Result "0-1"]
[WhiteElo "1005"]
[BlackElo "1639"]
[PlyCount "114"]
[EventDate "2019.04.23"]
[EventType "swiss"]
[EventRounds "9"]
[EventCountry "SVK"]
[SourceTitle "CBM 190 Extra"]
[Source "ChessBase"]
[SourceDate "2019.07.15"]
[SourceVersion "1"]
[SourceVersionDate "2019.07.15"]
[SourceQuality "1"]

1. e4 e5 2. Nf3 Nc6 3. Bc4 Nf6 4. d3 Be7 5. c3 0-0 6. Bb3 d6 7. Bg5 Be6 8. Nbd2 d5 9. Qe2 dxe4 10. dxe4 Qd7 11. 0-0-0 Bxb3 12. Nxb3 Qe6 13. Rhe1 a5 14. Kb1 a4 15. Nbd2 a3 16. b3 Na5 17. Bxf6 Qxf6 18. g3 Qc6 19. Rc1 f6 20. b4 Qb6 21. Nh4 c5 22. Nc4 Qb5 23. Nxa3 Qxe2 24. Rxe2 cxb4 25. cxb4 Bxb4 26. Nc4 Rfc8 27. Nxa5 Rxc1+ 28. Kxc1 Rxa5 29. Kb2 g6 30. Kb3 Bc5 31. Rc2 Kf7 32. f4 exf4 33. gxf4 Bd6 34. Ng2 Ra3+ 35. Kb2 Rf3 36. a4 Ra3 37. Rc4 Rh3 38. Rd4 Ke6 39. Rd2 Rxh2 40. Kc2 h5 41. e5 fxe5 42. fxe5 Bxe5 43. Re2 Kf5 44. Ne3+ Kg5 45. Ng2 Bb8 46. Kd3 Kg4 47. Ne3+ Kf3 48. Rxh2 Bxh2 49. Nd5 h4 50. Nf6 h3 51. Ne4 Bf4 52. Nc5 h2 53. Nxb7 h1Q 54. a5 Kg4 55. a6 Qf1+ 56. Ke4 Qxa6 57. Nc5 Qc4# 0-1